[Event "Turnier 40 / 120"]
[Site "Wien"]
[Date "2022.04.14"]
[Round "49"]
[White "Mephisto Genius 68030 Aktiv - 33 MHZ"]
[Black "Tasc R30 V 2.5 Aktiv - ARM6 - 30 MHZ"]
[Result "1/2-1/2"]
[BlackElo "2332"]
[WhiteElo "2252"]

1. e4 c5 2. c3 e6 3. d4 d5 4. exd5 exd5 5. Nf3 Nc6 6. Bb5 Bd6 7. O-O Ne7 8.
dxc5 Bxc5 9. Nbd2 O-O 10. Nb3 Bd6 11. Nbd4 Bg4 12. Qa4 Qd7 13. Be3 a6 14.
Be2 Nxd4 15. Qxd4 Nc6 16. Qd2 Rfe8 17. Rad1 {Buchende} Rad8 {Buchende} 18.
Rfe1 {Buchbewertung Mephisto Genius 68030: +0,33} Qc7 {Buchbewertung Tasc
R30 V 2.5: +0,07 / lt. Komodo ist die Stellung etwa gleich} 19. h3 Bh5 20.
a3 h6 21. Qxd5? {der Genius 68030 entschliesst sich die Dame herzugeben für
Turm+Läufer+Bauer, lt. Komodo ein schlechter Tausch, +1,30 für Schwarz,
nötig war Sd4 mit Ausgleich} Bh2+ 22. Nxh2 Rxd5 23. Rxd5 Bxe2 24. Rxe2 Rd8
25. Rxd8+ Nxd8 26. Nf3 Ne6 27. Rd2 b6 28. Nd4 Kh7? {deutlich besser ist
Sc5, nach dem Textzug ist Schwarz nur noch knapp im Vorteil mit ca. +0,30}
29. Nxe6 fxe6 30. Bd4 {besser ist f3, Komodo +0,70 für Schwarz} e5 31. Be3
Kg6 {besser ist b5, Komodo +0,00 mit der Fortsetzung c4} 32. f3 Kf5 33. Kf2
{Schwarz steht etwas besser, Komodo +0,50 aus meiner Sicht trägt diese
Partie aber schon den Keim des Remis in sich, wenn der weisse Turm auf der
2. Reihe bleibt und praktisch alle zurückhängenden Bauern deckt sehe ich
eigentlich nicht, wo hier noch Angriffspunkte für Schwarz wären, für mich
ist diese Stellung schon jetzt klares Remis} g5 34. h4? {doch damit
verspielt Weiss das Remis nach diesem ganz schlechten Zug ist Schwarz
bereits klar im Vorteil, Komodo +1,50 mit der Fortsetzung gxh4, nach Kg1
hat Weiss keine Sorgen} gxh4 35. Bxh6? {ein Verlustzug, danach ist die
Partie bereits verloren, Komodo +2,30 mit der Fortsetzung e4, den Schaden
begrenzen konnte noch Te2} e4 36. fxe4+? {und gleich der 3. Fehler
hinterher, mehr Widerstand bot noch Le3, verliert aber auch schon} Kg6 37.
Be3 Qg3+ 38. Ke2 Qxg2+ {den Rest könnte man sich hier schon schenken, der
schwarze Feibauer gewinnt natürlich die Partie, Komodo +3,70} 39. Kd3 Qf1+
{besser ist Dg3, aber auch diese Fortsetzung ist völlig ausreichend, Komodo
+2,60 für Schwarz} 40. Kc2 h3 {etwas besser ist b5, aber Schwarz steht klar
auf Gewinn, Komodo +2,40} 41. Bxb6 Qf4 42. Bg1 Qxe4+ 43. Kb3 Qe1 44. Rd8
Kf7 45. Bh2 Qe2 46. Bg3 h2 47. Bxh2 Qxh2 {Komodo +1,90, aber für mich ist
diese Partie noch nicht gewonnen, wenn sich der weisse Turm auf d4 postiert
wie soll dann der schwarze König dem weissen auf den Pelz rücken ?, also
das stelle ich mir gar nicht so einfach vor, der weisse Turm ist ja
praktisch auf d4 unvertreibbar.} 48. a4 Qc7 {Komodo +1,90 für Schwarz, aber
wie vertreibt man den weissen Turm von d4? ist wohl die Frage, und ich
glaube darauf gibt es keine Antwort, ich denke fast, das ist noch Remis}
49. Rd2 Qb6+ 50. Kc2 Qg6+ 51. Kb3 {Komodo +1,90 für Weiss, hm aber wie
gewinnt man das ?, hier befrage ich auch noch Stockfish, der bewertet diese
Stellung nur noch mit +0,90 für Schwarz} Qc6 52. c4? {ein schlechter Zug,
der das Remis gefährdet, also nach Td4 hätte ich keine Gewinnmöglichkeit
mehr für Schwarz gesehen, nach dem Textzug, Komodo +2,10 für Schwarz} Qf3+
53. Kb4 Qg3 54. Rc2? {dieser Zug verliert die Partie, der Turm gehört
natürlich nach d5, danach ist die Partie kaum noch zu gewinnen für Schwarz,
nach dem Textzug bewertet Komodo bereits mit +3,00 für Schwarz mit der
Fortsetzung De1+} Qg6 {praktisch gleichwertig mit De1+, Komodo +2,90 für
Schwarz} 55. Rc3 Qb6+ 56. Ka3 a5 {besser ist Dd4, Komodo +2,30 für Schwarz}
57. b3 Qd4 58. Kb2 Ke6 59. c5 Kd7 60. c6+ Kc7 61. Kc2 {Komodo +2,00 für
Schwarz, aber hier stellte ich mir die Frage, wie gewinnt man das noch,
darum ziehe ich hier eine 2. Meinung zu rate und befrage Stockfish und der
sagt hier bereits 0,00 = Remis, schon eigenartig Komodo sieht hier im 57.
HZ noch einen Vorteil von +2,00, aber wo ist der ?, der König kann ja nicht
mehr eingreifen nachdem er sich um den C-Bauern kümmern muss, mehr als
Dauerschach ist da nicht mehr drinnen für Schwarz} Qe4+ 62. Kb2 Qe5 63. Kc2
Qe2+ 64. Kb1 {Userentscheid: Remis} 1/2-1/2
[/pgn]
[pgn]

[Event "Turnier 40 / 120"]
[Site "Wien"]
[Date "2022.04.14"]
[Round "50"]
[White "Tasc R30 V 2.5 Aktiv - ARM6 - 30 MHZ"]
[Black "Mephisto Genius 68030 Aktiv - 33 MHZ"]
[Result "0-1"]
[BlackElo "2252"]
[WhiteElo "2332"]

1. e4 e5 2. Nc3 Nf6 3. Bc4 Nc6 4. d3 {Buchende} Na5 {Buchende} 5. Bg5
{Buchbewertung Tasc R30 V 2.5: -0,03} Nxc4 {Buchbewertung Mephisto Genius
68030: +0,27 / lt. Komodo ist die Stellung etwa gleich} 6. dxc4 h6 7. Bxf6
Qxf6 8. Nf3 Bb4 9. Qd3 d6 10. O-O-O Qf4+ 11. Kb1 Bxc3 12. Qxc3 {besser ist
g3, Komodo +0,90 für Schwarz mit der Fortsetzung Dxe4} Qxe4 13. c5 Qc6 14.
cxd6 Qxc3 15. bxc3 cxd6 16. Rxd6 f6 17. Rhd1 Kf7 18. Nd2 Bf5 19. f3 Rac8
20. Ne4 Rhe8 21. Kb2 Bxe4 22. fxe4 Rc4 23. Rd7+ {klar schwächer als Td8,
nach dem Textzug ist Schwarz bereits klar im Vorteil, Komodo +1,60} Re7 24.
Rxe7+ Kxe7 25. Re1 h5 26. Kb3 b5 27. Re3 g6 28. a3 Ke6 29. Kb2 a5 30. Kc1
f5 31. Rg3 Kf6 32. exf5 gxf5 33. Rd3 Rg4 34. Rd6+ Ke7 {besser ist Kg5,
Komodo +2,30 für Schwarz} 35. Rd5 Ke6 36. Rxb5 Rxg2 {diese Stellung ist
bereits klar verloren für Weiss, Komodo -4,50} 37. Rxa5 Rxh2 38. c4 f4 39.
Ra6+ Kf5 40. Ra8 Ke4 41. c5 Kd5 42. a4 f3 43. Rf8 e4 44. c6 Kxc6 45. Kd1
Kc5 46. c3 Ra2 47. Rf5+ Kc4 48. Ke1 Kd3 {Komodo Matt in 14, Rest geschenkt}
0-1
[/pgn]